000 00755nam a2200217Ia 4500
003 OSt
005 20220923221309.0
006 a|||||r|||| 00| 0
007 ta
008 220922b |||||||| |||| 00| 0 hin d
024 _a196,734
037 _cTextual
040 _aARTS
_cARTS
_bhin
041 _2hin
_ahin
082 _aP152, 152K1
100 _aपद्मनारायण
245 0 _aआधुनिक भाषा विज्ञान वर्णात्मक भाषा विज्ञान का एक परिचय
246 _aĀdhunik bhāṣhā vijnyān varṇātmak bhāṣhā vijnyān kā ek parichaya
942 _hP152, 152K1
_cTEXL
_2CC
999 _c348605
_d348605